Scotland Players Biggest Transfers - Statistics

General Stats
  • This quiz has been taken 57 times
  • The average score is 79 of 246
Answer Stats
Player From Joined % Correct
LB Kieran Tierney 19/20 Celtic Arsenal
98%
LB Kieran Tierney 23/24 Arsenal Real Sociedad
98%
LB Andrew Robertson 17/18 Hull City Liverpool
81%
LB Andrew Robertson 14/15 Dundee United Hull City
81%
LB Davie Robertson 91/92 Aberdeen Rangers
81%
ST John Robertson 88/89 Newcastle United Hearts
81%
ST John Robertson 87/88 Hearts Newcastle United
81%
CM Charlie Adam 11/12 Blackpool Liverpool
79%
CM Charlie Adam 12/13 Liverpool Stoke City
79%
ST Steven Fletcher 12/13 Wolverhampton Wanderers Sunderland
74%
ST Steven Fletcher 10/11 Burnley Wolverhampton Wanderers
74%
ST Steven Fletcher 09/10 Hibernian Burnley
74%
ST Che Adams 19/20 Birmingham City Southampton
70%
ST Che Adams 16/17 Sheffield United Birmingham City
70%
RB Aaron Hickey 22/23 Bologna Brentford
67%
RB Aaron Hickey 20/21 Hearts Bologna
67%
DM Billy Gilmour 22/23 Chelsea Brighton & Hove Albion
63%
DM Billy Gilmour 17/18 Rangers Chelsea
63%
CB Jacob Brown 23/24 Stoke City Luton Town
63%
ST Jacob Brown 20/21 Barnsley Stoke City
63%
CM Scott Brown 07/08 Hibernian Celtic
63%
DM Barry Ferguson 03/04 Rangers Blackburn Rovers
60%
DM Barry Ferguson 04/05 Blackburn Rovers Rangers
60%
DM Barry Ferguson 09/10 Rangers Birmingham City
60%
LB Chris Armstrong 08/09 Sheffield United Reading
60%
ST Duncan Ferguson 98/99 Everton Newcastle United
60%
ST Duncan Ferguson 94/95 Rangers Everton
60%
ST Duncan Ferguson 93/94 Dundee United Rangers
60%
ST Duncan Ferguson 00/01 Newcastle United Everton
60%
CM Ian Ferguson 88/89 St. Mirren Rangers
60%
CM Lewis Ferguson 22/23 Aberdeen Bologna
60%
CM Stuart Armstrong 18/19 Celtic Southampton
60%
CM Stuart Armstrong 14/15 Dundee United Celtic
60%
RB Alan Hutton 07/08 Rangers Tottenham Hotspur
58%
RB Alan Hutton 11/12 Tottenham Hotspur Aston Villa
58%
GK Allan McGregor 13/14 Besiktas Hull City
58%
CB Colin Hendry 98/99 Blackburn Rovers Rangers
56%
CB Colin Hendry 99/00 Rangers Coventry City
56%
CB Colin Hendry 91/92 Manchester City Blackburn Rovers
56%
CB Colin Hendry 89/90 Blackburn Rovers Manchester City
56%
GK Craig Gordon 07/08 Hearts Sunderland
56%
CB Jack Hendry 23/24 Club Brugge Al-Ettifaq
56%
CB Jack Hendry 21/22 Oostende Club Brugge
56%
CB Jack Hendry 17/18 Dundee Celtic
56%
CB Jack Hendry 21/22 Celtic Oostende
56%
ST Oli McBurnie 19/20 Swansea City Sheffield United
56%
ST Oliver Burke 17/18 RB Leipzig West Bromwich Albion
56%
ST Oliver Burke 16/17 Nottingham Forest RB Leipzig
56%
ST Oliver Burke 20/21 West Bromwich Albion Sheffield United
56%
LB Stephen Hendrie 15/16 Hamilton Academical West Ham United
56%
CM John McGinn 18/19 Hibernian Aston Villa
53%
CM John McGinn 15/16 St. Mirren Hibernian
53%
RB Nathan Patterson 21/22 Rangers Everton
53%
ST Kenny Miller 07/08 Celtic Derby County
51%
ST Kenny Miller 01/02 Rangers Wolverhampton Wanderers
51%
ST Kenny Miller 00/01 Hibernian Rangers
51%
ST Kenny Miller 08/09 Derby County Rangers
51%
ST Kenny Miller 11/12 Bursaspor Cardiff City
51%
RM Matt Ritchie 16/17 Bournemouth Newcastle United
51%
SS Steven Naismith 15/16 Everton Norwich City
51%
SS Steven Naismith 07/08 Kilmarnock Rangers
51%
CM James McArthur 14/15 Wigan Athletic Crystal Palace
49%
GK Angus Gunn 18/19 Manchester City Southampton
47%
GK Angus Gunn 21/22 Southampton Norwich City
47%
DM Paul Lambert 97/98 Borussia Dortmund Celtic
47%
RW Robert Snodgrass 16/17 Hull City West Ham United
47%
RW Robert Snodgrass 14/15 Norwich City Hull City
47%
RW Robert Snodgrass 12/13 Leeds United Norwich City
47%
ST Craig Mackail-Smith 11/12 Peterborough United Brighton & Hove Albion
44%
CM Gary McAllister 00/01 Coventry City Liverpool
44%
AM Ryan Christie 21/22 Celtic Bournemouth
44%
GK David Marshall 16/17 Cardiff City Hull City
42%
ST Lyndon Dykes 20/21 Livingston Queens Park Rangers
42%
CB Scott McKenna 20/21 Aberdeen Nottingham Forest
42%
SS James McFadden 07/08 Everton Birmingham City
40%
SS James McFadden 03/04 Motherwell Everton
40%
RW Matt Phillips 16/17 Queens Park Rangers West Bromwich Albion
40%
RW Matt Phillips 13/14 Blackpool Queens Park Rangers
40%
SS Ross McCormack 16/17 Fulham Aston Villa
40%
SS Ross McCormack 14/15 Leeds United Fulham
40%
RB Calvin Ramsay 22/23 Aberdeen Liverpool
37%
CB Grant Hanley 16/17 Blackburn Rovers Newcastle United
37%
CB Grant Hanley 17/18 Newcastle United Norwich City
37%
CB Gary Caldwell 09/10 Celtic Wigan Athletic
35%
LW George Boyd 14/15 Hull City Burnley
35%
ST Kris Boyd 11/12 Middlesbrough Eskisehirspor
35%
RB Phil Bardsley 07/08 Manchester United Sunderland
35%
LB Tom Boyd 91/92 Motherwell Chelsea
35%
LB Tom Boyd 92/93 Chelsea Celtic
35%
ST Jordan Rhodes 15/16 Blackburn Rovers Middlesbrough
33%
ST Jordan Rhodes 17/18 Middlesbrough Sheffield Wednesday
33%
ST Jordan Rhodes 12/13 Huddersfield Town Blackburn Rovers
33%
ST Jordan Rhodes 09/10 Ipswich Town Huddersfield Town
33%
RW Kevin Gallacher 92/93 Coventry City Blackburn Rovers
33%
RW Kevin Gallacher 90/91 Dundee United Coventry City
33%
LB Lee Wallace 11/12 Hearts Rangers
33%
RM Ross Wallace 10/11 Preston North End Burnley
33%
RM Ross Wallace 06/07 Celtic Sunderland
33%
CM Tom Cairney 15/16 Blackburn Rovers Fulham
33%
CB Danny Wilson 10/11 Rangers Liverpool
30%
LW Neil McCann 98/99 Hearts Rangers
30%
LW Neil McCann 03/04 Rangers Southampton
30%
ST Ross Stewart 23/24 Sunderland Southampton
30%
CB Christian Dailly 98/99 Derby County Blackburn Rovers
28%
CB Christian Dailly 00/01 Blackburn Rovers West Ham United
28%
LM John Collins 98/99 Monaco Everton
28%
LM John Collins 00/01 Everton Fulham
28%
ST Mo Johnston 91/92 Rangers Everton
28%
ST Mo Johnston 89/90 Nantes Rangers
28%
CB Richard Gough 87/88 Tottenham Hotspur Rangers
28%
CB Richard Gough 86/87 Dundee United Tottenham Hotspur
28%
AM Ryan Gauld 14/15 Dundee United Sporting CP
28%
AM Shaun Maloney 08/09 Aston Villa Celtic
28%
AM Shaun Maloney 15/16 Chicago Fire Hull City
28%
AM Shaun Maloney 06/07 Celtic Aston Villa
28%
AM Shaun Maloney 11/12 Celtic Wigan Athletic
28%
GK Andy Goram 91/92 Hibernian Rangers
26%
CB Christophe Berra 08/09 Hearts Wolverhampton Wanderers
26%
CM David Turnbull 20/21 Motherwell Celtic
26%
CM Graham Dorrans 15/16 West Bromwich Albion Norwich City
26%
CM Graham Dorrans 17/18 Norwich City Rangers
26%
LM Ikechi Anya 16/17 Watford Derby County
26%
GK Jim Leighton 88/89 Aberdeen Manchester United
26%
LB Barry Douglas 18/19 Wolverhampton Wanderers Leeds United
23%
LB Barry Douglas 17/18 Konyaspor Wolverhampton Wanderers
23%
ST Brian McClair 87/88 Celtic Manchester United
23%
ST Garry O'Connor 07/08 Lokomotiv Moscow Birmingham City
23%
ST Garry O'Connor 05/06 Hibernian Lokomotiv Moscow
23%
ST Gordon Durie 91/92 Chelsea Tottenham Hotspur
23%
ST Gordon Durie 93/94 Tottenham Hotspur Rangers
23%
LW Jamie Murphy 15/16 Sheffield United Brighton & Hove Albion
23%
LW Jamie Murphy 18/19 Brighton & Hove Albion Rangers
23%
LB Josh Doig 22/23 Hibernian Hellas Verona
23%
DM Kevin McDonald 16/17 Wolverhampton Wanderers Fulham
23%
ST Paul Dickov 96/97 Arsenal Manchester City
23%
ST Paul Dickov 01/02 Manchester City Leicester City
23%
GK Rab Douglas 00/01 Dundee Celtic
23%
RB Steve Clarke 86/87 St. Mirren Chelsea
23%
ST Andy Gray 79/80 Aston Villa Wolverhampton Wanderers
21%
ST Andy Gray 07/08 Burnley Charlton Athletic
21%
ST Andy Gray 09/10 Charlton Athletic Barnsley
21%
ST Andy Gray 05/06 Sheffield United Sunderland
21%
ST Andy Gray 05/06 Sunderland Burnley
21%
CM Barry Bannan 13/14 Aston Villa Crystal Palace
21%
LB Callum Davidson 97/98 St. Johnstone Blackburn Rovers
21%
LB Callum Davidson 00/01 Blackburn Rovers Leicester City
21%
ST Charlie Nicholas 83/84 Celtic Arsenal
21%
ST Kevin Nisbet 23/24 Hibernian Millwall
21%
ST Lawrence Shankland 21/22 Dundee United Beerschot
21%
RW Pat Nevin 88/89 Chelsea Everton
21%
CB Russell Anderson 07/08 Aberdeen Sunderland
21%
ST Steve Archibald 84/85 Tottenham Hotspur Barcelona
21%
ST Steve Archibald 80/81 Aberdeen Tottenham Hotspur
21%
RB Steven Whittaker 07/08 Hibernian Rangers
21%
ST Alan McInally 89/90 Aston Villa Bayern Munich
19%
ST Billy Dodds 99/00 Dundee United Rangers
19%
ST Billy Dodds 94/95 St. Johnstone Aberdeen
19%
ST Darren Jackson 97/98 Hibernian Celtic
19%
CB Dave McPherson 92/93 Hearts Rangers
19%
LB Dominic Matteo 00/01 Liverpool Leeds United
19%
AM Don Hutchison 01/02 Sunderland West Ham United
19%
AM Don Hutchison 00/01 Everton Sunderland
19%
AM Don Hutchison 94/95 Liverpool West Ham United
19%
AM Don Hutchison 95/96 West Ham United Sheffield United
19%
AM Don Hutchison 97/98 Sheffield United Everton
19%
ST Frank McAvennie 89/90 Celtic West Ham United
19%
ST Frank McAvennie 87/88 West Ham United Celtic
19%
LB Gary Naysmith 00/01 Hearts Everton
19%
LB Gary Naysmith 07/08 Everton Sheffield United
19%
CM James Morrison 07/08 Middlesbrough West Bromwich Albion
19%
ST Jamie Mackie 13/14 Queens Park Rangers Nottingham Forest
19%
CB Lee McCulloch 07/08 Wigan Athletic Rangers
19%
CB Lee McCulloch 01/02 Motherwell Wigan Athletic
19%
ST Leigh Griffiths 13/14 Wolverhampton Wanderers Celtic
19%
LW Lewis Morgan 21/22 Inter Miami New York Red Bulls
19%
CB Matt Elliott 96/97 Oxford United Leicester City
19%
CM Phil O'Donnell 94/95 Motherwell Celtic
19%
CB Stephen McManus 10/11 Celtic Middlesbrough
19%
ST Chris Martin 16/17 Derby County Fulham
16%
CM Colin Cameron 01/02 Hearts Wolverhampton Wanderers
16%
RM David Hopkin 97/98 Crystal Palace Leeds United
16%
RM David Hopkin 00/01 Leeds United Bradford City
16%
RM David Hopkin 00/01 Bradford City Crystal Palace
16%
RM David Hopkin 95/96 Chelsea Crystal Palace
16%
CM Gareth Williams 06/07 Leicester City Watford
16%
CB Gary Gillespie 91/92 Liverpool Celtic
16%
RB Harrison Ashby 22/23 West Ham United Newcastle United
16%
ST James Scott 19/20 Motherwell Hull City
16%
CM Lewis Macleod 14/15 Rangers Brentford
16%
CM Liam Henderson 21/22 Lecce Empoli
16%
CM Nigel Quashie 98/99 Queens Park Rangers Nottingham Forest
16%
CM Nigel Quashie 04/05 Portsmouth Southampton
16%
CM Nigel Quashie 06/07 West Bromwich Albion West Ham United
16%
CM Nigel Quashie 05/06 Southampton West Bromwich Albion
16%
LW Siriki Dembele 21/22 Peterborough United Bournemouth
16%
CM Stuart McCall 91/92 Everton Rangers
16%
CM Stuart McCall 87/88 Bradford City Everton
16%
CM Alex Rae 01/02 Sunderland Wolverhampton Wanderers
14%
CM Alex Rae 96/97 Millwall Sunderland
14%
RM Barry Robson 07/08 Dundee United Celtic
14%
RM Barry Robson 09/10 Celtic Middlesbrough
14%
LB Danny Fox 09/10 Celtic Burnley
14%
LB Danny Fox 11/12 Burnley Southampton
14%
LB Danny Fox 09/10 Coventry City Celtic
14%
ST Fraser Hornby 20/21 Everton Reims
14%
ST Fraser Hornby 23/24 Reims Darmstadt
14%
CM Kevin Thomson 06/07 Hibernian Rangers
14%
CM Kevin Thomson 10/11 Rangers Middlesbrough
14%
CB Liam Lindsay 19/20 Barnsley Stoke City
14%
DM Ross McCrorie 23/24 Aberdeen Bristol City
14%
CB Alan McLaren 94/95 Hearts Rangers
12%
ST David Goodwillie 11/12 Dundee United Blackburn Rovers
12%
CB Derek Whyte 92/93 Celtic Middlesbrough
12%
CB Dominic Hyam 22/23 Coventry City Blackburn Rovers
12%
RB Donald Love 16/17 Manchester United Sunderland
12%
ST Dougie Freedman 98/99 Wolverhampton Wanderers Nottingham Forest
12%
DM Liam Bridcutt 13/14 Brighton & Hove Albion Sunderland
12%
DM Liam Bridcutt 16/17 Sunderland Leeds United
12%
DM Liam Bridcutt 17/18 Leeds United Nottingham Forest
12%
ST Mark Burchill 01/02 Celtic Portsmouth
12%
CM Paul Hartley 06/07 Hearts Celtic
12%
RB Paul Telfer 95/96 Luton Town Coventry City
12%
CB Steven Pressley 95/96 Coventry City Dundee United
12%
CB Adam Virgo 05/06 Brighton & Hove Albion Celtic
9%
CM Andy Irving 23/24 Austria Klagenfurt West Ham United
9%
ST Jack Harper 19/20 Malaga Getafe
9%
CB Roy Aitken 90/91 Celtic Newcastle United
9%
LB Stephen Kingsley 17/18 Swansea City Hull City
9%
ST Stevie May 15/16 Sheffield Wednesday Preston North End
9%
ST Stevie May 14/15 St. Johnstone Sheffield Wednesday
9%
ST Tony Watt 14/15 Celtic Standard Liege
9%
RW Adedire Mebude 23/24 Manchester City Westerlo
7%
ST Craig Beattie 09/10 West Bromwich Albion Swansea City
7%
ST Craig Beattie 07/08 Celtic West Bromwich Albion
7%
ST David Speedie 87/88 Chelsea Coventry City
7%
ST Duncan Shearer 91/92 Swindon Town Blackburn Rovers
7%
ST Gerry Creaney 95/96 Portsmouth Manchester City
7%
RB Graeme Murty 98/99 York City Reading
7%
ST Marc McNulty 18/19 Coventry City Reading
7%
ST Scott Dobie 05/06 Millwall Nottingham Forest
7%
CM Stephen Pearson 06/07 Celtic Derby County
7%
ST Steve Howard 07/08 Derby County Leicester City
7%
ST Steve Howard 06/07 Luton Town Derby County
7%
CM Conor McGrandles 14/15 Falkirk Norwich City
5%
CM Jim O'Brien 10/11 Motherwell Barnsley
2%
RB Steve McAnespie 95/96 Raith Rovers Bolton Wanderers
2%
No matching quizzes found
Score Distribution
Percent of People with Each Score
Percentile by Number Answered
Your Score History
You have not taken this quiz